All Spanish Wars - Statistics

General Stats
  • This quiz has been taken 35 times
  • The average score is 74 of 314
Answer Stats
Years War % Correct
1735-1737 Spanish-Portuguese War
96%
1776-1777 Spanish-Portuguese Wars
96%
1936-1939 Spanish Civil War
92%
1595-1598 | 1635-1659 Franco-Spanish War
88%
1810-1821 Mexican War of Independence
88%
1565-1900 Spanish-Moro Conflict
88%
1807 Invasion of Portugal
83%
2003-2004 Iraq War
83%
1898 Spanish-American War
83%
1810-1826 Chilean War of Independence
79%
1541-1598 Conquest of Chile
79%
1907-1934 French Conquest of Morocco
79%
1603-1627 Moroccan Civil War
79%
1790-1791 | 1859-1860 Spanish-Moroccan War
79%
1585-1604 | 1625-1630 | 1654-1660 | +4 others Anglo-Spanish War
75%
1848-1849 Italian Revolution
75%
1811-1826 Peruvian War of Independence
75%
2001-2021 War in Afghanistan
75%
1792-1797 1st Coalition
71%
1798-1802 2nd Coalition
71%
1803-1806 3rd Coalition
71%
1806-1807 4th Coalition
71%
1809 5th Coalition
71%
1813-1814 6th Coalition
71%
1815 7th Coalition
71%
1810-1818 Argentine War of Independence
71%
1519-1521 Conquest of Aztec Empire
71%
1531-1572 Conquest of Inca Empire
71%
1526-1791 Ottoman-Habsburg Wars
71%
1529-1541 | 1550-1560 | 1559-1565 | +3 others Spanish-Ottoman War
71%
1515-1577 Spanish-Ottoman Wars
71%
1781 Venezuela Insurrection
71%
1811-1823 Venezuelan War of Independence
71%
1511-1513 Conquest of Cuba
67%
1895-1898 Cuban War of Independence
67%
1809-1822 Ecuadorian War of Independence
67%
1896-1898 Philippine Revolution
63%
1809-1825 Bolivian War of Independence
58%
1732 Spanish-Algerian War
58%
1524-1539 Conquest of El Salvador
54%
1524-1667 Conquest of Guatemala
54%
1863-1865 Dominican Restoration War
54%
1821-1822 Dominican War of Independence
54%
2011 Libyan Intervention
54%
1494-1509 Conquest of Haiti
50%
1791-1804 Haitian Revolution
50%
1521 Haiti Slave Revolt
50%
1647-1648 Neapolitan Revolt
50%
1992-1995 Somali Civil War
50%
1799-1801 Spanish-Russian War
50%
1992-1996 Bosnian Intervention
46%
1936 Guinea Uprising
46%
2012-Present Mali War
46%
1920-1926 Rif War
46%
1756-1763 Seven Years War
46%
1565 Assault on French Florida
42%
1524-1539 Conquest of Honduras
42%
1511-1697 Conquest of Maya
42%
1601 Expedition to Florida
42%
1593-1606 Long Turkish War
42%
1618-1648 Thirty Years War
42%
1810 US invasion of Florida
42%
1900 Boxer Rebellion
38%
1640-1659 Catalan Revolt
38%
1991 Gulf War
38%
1998-1999 Kosovo War
38%
1539 Sicily Mutiny
38%
1740-1748 War of Austrian Succession
38%
1833-1839 1st Carlist War
33%
1846-1849 2nd Carlist War
33%
1872-1876 3rd Carlist War
33%
1600-1915 Apache-Mexico Wars
33%
1700s Apache Wars
33%
1959-1975 | 1975-2011 Basque Conflict
33%
1718 Basque Rebellion
33%
1906 Carlist Insurrection
33%
1900 Carlist Sublevation
33%
1568-1648 Eighty Years War
33%
1655-1656 | 1723 | 1766 Mapuche Uprising
33%
1701-1714 War of Spanish Succession
33%
1565-1575 Conquest of Philippines
29%
1508-1511 Conquest of Puerto Rico
29%
1523-1547 Conquest of Yucatan
29%
1600-1866 Navajo Wars
29%
1854 Spanish Revolution
29%
1512-1529 Conquest of Navarre
25%
1594-1603 Irish Nine Years War
25%
1688-1697 Nine Years War
25%
1533-1929 Yaqui Wars
25%
1779-1782 American Revolution
21%
1700-1870 Comanche Wars
21%
1537-1540 Conquest of Muisca
21%
2006-Present Israel-Hezbollah Conflict
21%
1606 Japanese Insurrection
21%
1940-1945 Occupation of Tangier
21%
1808-1814 Peninsular War
21%
1680 Pueblo Revolt
21%
1817-1818 Seminole Wars
21%
1605-1792 Spanish-Barbary Wars
21%
1511-1518 Taino Rebellion
21%
1499-1501 Alpujarras Rebellion
17%
2009-Present Boko Haram Insurgency
17%
1783-1795 Cherokee-American Wars
17%
1503-1512 Spanish Crusade
17%
1624-1636 Spanish-Siam War
17%
1617-1621 Spanish-Venetian War
17%
1589-1594 War of Succession of Henry IV
17%
1494-1498 1st Italian War
13%
1499-1501 2nd Italian War
13%
1502-1504 3rd Italian War
13%
1521-1526 4th Italian War
13%
1536-1538 5th Italian War
13%
1542-1546 6th Italian War
13%
1551-1559 7th Italian War
13%
1593-1597 Cambodian-Spanish War
13%
1803-1810 Caribbean Campaign
13%
1497 Conquest of Melilla
13%
1618-1697 Conquest of Peten
13%
1975 Green March
13%
1526-1538 Hungarian Civil War
13%
1508-1516 League of Cambrai
13%
1769 Manilla Conflict
13%
1774 Siege of Melilla
13%
1675-1678 Siege of Oran
13%
1780-1783 Tupac Rebellion
13%
1739-1748 War of Jenkins' Ear
13%
1893-1894 1st Melillan Camaign
8%
1540-1547 2nd Austro-Turkish War
8%
1909-1910 2nd Melillan Campaign
8%
1499-1503 2nd Ottoman-Venetian War
8%
1552-1559 3rd Austro-Turkish War
8%
1537-1540 3rd Ottoman-Venetian War
8%
1570-1573 4th Ottoman-Venetian War
8%
1714-1718 7th Ottoman-Venetian War
8%
1546-C.1600 Arauco War
8%
1520-1521 Comuneros Revolt
8%
1523-1695 Conquest of Chiapas
8%
1598-1606 Conquest of New Mexico
8%
1522-1530 Conquest of Tarascan Empire
8%
1606-1611 Conquest of Ternate
8%
1506-1508 Cordoba Rebellion
8%
1814 Cuzco Rebellion
8%
1999-2005 East Timor Crisis
8%
1626 Expedition to Formosa
8%
1562-1598 French Wars of Religion
8%
1683-1699 Great Turkish War
8%
1526-1530 League of Cognac
8%
1768 Louisiana Rebellion
8%
1640-1668 Portuguese Restoration War
8%
1796 Slave Revolt
8%
1917-1923 Spanish Crisis
8%
1634-1644 | 1868-1878 Ten Years War
8%
1653-1654 Tidore War
8%
1733-1738 War of Polish Succession
8%
1580-1583 War of Portuguese Succession
8%
1793-1795 War of the Pyrenees
8%
1529-1533 1st Austro-Turkish War
4%
1579-1583 2nd Desmond Rebellion
4%
1839-1841 2nd Egyptian-Ottoman War
4%
1672-1673 2nd Genoese-Savoyard War
4%
1639 2nd Sangley Rebellion
4%
1552-1555 2nd Schmalkaldic War
4%
1627-1629 3rd Huguenot Rebellion
4%
1601-1603 Acaxee Rebellion
4%
1598-1599 Acoma War
4%
1911 Agadir Crisis
4%
1932-1937 Anarchist Insurrection
4%
1924 Anarchist Uprising
4%
1667-1675 Angelets Revolt
4%
1812-1815 Anglo-American War
4%
1613 Arganda Revolt
4%
1687-1689 Barretinas Revolt
4%
1548-1582 Bayano Wars
4%
1990s Bonito War
4%
1590-1598 Brittany Campaign
4%
1519-1523 Brotherhoods Revolt
4%
1910 Bubi Uprising
4%
1618-1639 Bundner Wirren
4%
1555 Buria Rebellion
4%
1560-1667 Calchaqui Wars
4%
1872-1874 Cantonal Rebellion
4%
1578 Castilian War
4%
1872 Cavite Mutiny
4%
2012-Present Central African Republic Civil War
4%
1679 Chepo Expedition
4%
1550-1590 Chichimeca War
4%
1864-1866 Chincha Islands War
4%
1761 Cisteil Rebellion
4%
1858-1862 Cochinchina Campaign
4%
1583-1588 Cologne War
4%
1649-1650 Communera Rebellion
4%
1932 Communist Revolts
4%
1537-1800 Conquest of Chaco
4%
1573-1583 Conquest of Mesopotamia
4%
2017-2018 Constitutional Crisis
4%
1534-1536 Count's Feud
4%
1744-1829 Dagohoy Rebellion
4%
1532-1534 Dutch-Hanseatic War
4%
1602-1663 Dutch-Portuguese War
4%
1526 Espadan Rebellion
4%
1547 Estates Revolt
4%
1772-1775 Expedition to Tahiti
4%
1762-1763 Fantastic War
4%
1793 Federalists Revolt
4%
1625 First Genoese-Savoyard War
4%
1672-1678 Franco-Dutch War
4%
1861-1867 Franco-Mexican War
4%
1600-1601 Franco-Savoyard War
4%
1805-1810 Franco-Swedish War
4%
1792-1793 French Expedition to Sardinia
4%
1812 French Invasion of Russia
4%
1893-1894 Gamazada
4%
1539-1540 Ghent Revolt
4%
1520-1521 | 1755 Gipuzkoa Revolt
4%
1868 Glorious Revolution
4%
1868 Grito de Lares
4%
1769-1776 Guajira Rebellion
4%
1754-1756 Guarani War
4%
1502-1543 Guelders Wars
4%
1749 Gypsy Round-up
4%
1712 Huilliche Rebellion
4%
1792 Huilliche Uprising
4%
1601 Igorot Revolt
4%
1534-1536 Iguape War
4%
1520 Indigenous Rebellion
4%
1957-1958 Infi War
4%
1930 Jaca Uprising
4%
1719 Jacobite Uprising
4%
1892 Jerez Uprising
4%
1630 Jolo Expedition
4%
1742-1752 Juan Santos Rebellion
4%
1609-1614 Julich Succession
4%
1911-1912 Kert Campaign
4%
1587-1588 Lakans Revolt
4%
1572-1575 Limahong Raids
4%
1879-1880 Little War
4%
1861 Loja Uprising
4%
1593-1595 Luxemburg Campaigns
4%
1637 Manuelinho Revolt
4%
1672-1678 Messina Revolt
4%
1540-1542 Mixton War
4%
1613-1617 Montferrat Succession
4%
1568-1571 Morisco Revolt
4%
1735-1738 Neapolitan-Papal War
4%
1795 Negros de Coro Insurrection
4%
1789-1790 Nootka Crisis
4%
1823 Novales Revolt
4%
2008-Present Operation Atalanta
4%
2002 Perejil Island Crisis
4%
1734 Pericues Rebellion
4%
1639-1642 Piedmontese Civil War
4%
1751 Pima Revolt
4%
1828-1834 Portuguese Civil War
4%
1702-1713 Queen Anne's War
4%
1616 Raid on Constantinople
4%
1815-1816 Reconquest of New Grenada
4%
1934 Revolution of 1934
4%
1580-1591 Ribagorza War
4%
1822-1823 Royalist War
4%
1624 Sacalum Rebellion
4%
1631-1634 Salt Tax Revolt
4%
1603 Sangley Rebellion
4%
1546-1547 Schmalkaldic War
4%
1580 Seven Chiefs Rebellion
4%
1591-1594 Siamese-Cambodian War
4%
1694-1727 Sieges of Ceuta
4%
1762-1763 Silang Revolt
4%
1593-C.1700 Sino-Spanish Conflicts
4%
1516-1518 Spanish-Algerian War
4%
1680-1682 Spanish-Brandenburg War
4%
1670-1699 Spanish-Chamorro Wars
4%
1564-1600 Spanish-Chiriguana War
4%
1939-1965 Spanish Maquis
4%
1518-1519 Spanish Ottoman War
4%
1621 Tamblot Uprising
4%
1660-1661 Tehuantepec Rebellion
4%
1616-1620 Tepehuan Revolt
4%
1648-1653 The Fronde
4%
1540-1541 Tiguex War
4%
1909 Tragic Week
4%
1994-1996 Turbot Wars
4%
1712 Tzeltal Rebellion
4%
1615-1617 Uskok War
4%
1620-1626 Valtellina War
4%
1902-1903 Venezuelan Crisis
4%
1582 Vilitipoco Rebellion
4%
1827 War of Aggrieved
4%
1667-1668 War of Devolution
4%
1628-1631 War of Mantuan Succession
4%
1801 War of Oranges
4%
1718-1720 War of Quadruple Alliance
4%
1683-1684 War of Reunions
4%
1976-1979 War of the Fleas
4%
1622-1625 War of the Vicunas and Basques
4%
1585-1589 War of Three Henrys
4%
1973-1975 Western Sahara Revolt
4%
No matching quizzes found
Score Distribution
Percent of People with Each Score
Percentile by Number Answered
Your Score History
You have not taken this quiz